Statistics for Rock Songs #9

Click here to take the quiz!

General Stats

  • This quiz has been taken 37 times
  • The average score is 5 of 20

Answer Stats

Song NameNumber of Spotify Streams to nearest MillionArtist% Correct
Song 2845Blur
80%
Born To Be Wild531Steppenwolf
74%
1979578The Smashing Pumpkins
60%
Home Sweet Home226Motley Crue
46%
Cowboys of Hell296Pantera
46%
Painkiller136Judas Priest
37%
Since You Been Gone168Rainbow
34%
Dreamer106Ozzy Osbourne
14%
Know Your Enemy111Rage Against The Machine
11%
30 Days in the hole17Humble Pie
9%
Bloodline31Slayer
9%
All I want89The Offspring
9%
Kai Tangata13Alien Weaponry
6%
Hometown78Cleopatrick
6%
Mark of The Grave1Employed to Serve
6%
Bastard of Hades1Hellripper
6%
Give me to the Night2Unto Others
6%
Evil8Cactus
3%
Necessary Death5END
3%
You Can't Stop Steel2Midnight
3%

Score Distribution

Percentile by Number Answered

Percent of People with Each Score

Your Score History

You have not taken this quiz